000 00416pab a2200169 454500
008 180718b2010 xxu||||| |||| 00| 0 eng d
100 _aRao, S. Nagabhushana
245 _aWomen and livelihoods in watershed development projects; a case study
260 _c2010
300 _ap.32-36.
362 _aMay
650 _aWomen
650 _aWatersheds
773 _aSocial Welfare
908 _aN
909 _a86690
999 _c86690
_d86690